Statistiques concernant Kikadi ?

Cliquez ici pour prendre le quiz!

Statistiques générales

  • Ce quiz a été pris 171 fois
  • Le résultat moyen est 13 sur 28

Statistiques - réponses

AuteurCitation% Correct
Albert EinsteinE=mc2
95%
Martin Luther KingI have a dream
91%
Charles De GaulleJe vous ai compris
89%
Emile ZolaJ'accuse…!
87%
Jules CésarAlea jacta est
87%
Neil ArmstrongUn petit pas pour l’homme, un grand pas pour l’humanité
82%
NabillaNon mais allô, quoi !
80%
John F.KennedyIch bin ein Berliner
77%
ColucheC'est l'histoire d'un mec...
67%
ArchimèdeEurêka !
65%
René DescartesJe pense donc je suis
62%
Pierre de CoubertinL'important, c'est de participer
61%
Jean-Paul SartreL'enfer, c'est les autres
53%
Jean GabinT'as d'beaux yeux, tu sais
48%
Jacques ChiracOn rapporte une histoire abracadabrantesque
44%
Simone de BeauvoirOn ne naît pas femme, on le devient
41%
Karl MarxLa religion est l'opium du peuple
40%
René MagritteCeci n'est pas une pipe
40%
Pierre DesprogesOn peut rire de tout mais pas avec n'importe qui
35%
Blaise PascalLe cœur a ses raisons que la raison ne connaît point.
24%
Antoine de Saint-ExupéryOn ne voit bien qu'avec le coeur. L'essentiel est invisible pour les yeux.
23%
Joseph StalineLe pape ! Combien de divisions ?
17%
Alphonse de LamartineUn seul être vous manque et tout est dépeuplé
14%
Henry StanleyDocteur Livingstone , je présume ?
9%
Alfred de MussetQu'importe le flacon pourvu qu'on ait l'ivresse
6%
André GideFamilles, je vous hais !
6%
Edith CressonLa Bourse, j'en ai rien à cirer !
4%
Philippe VI de ValoisQui m’aime me suive !
3%

Distribution des résultats

Percentile par nombre de réponses

% des personnes avec chaque résultat

Votre développement - résultats

Vous n’avez pas pris ce quiz